000 01218nam a2200277 a 4500
001 76693
003 BD-RjUL
005 20211209082856.0
008 200102s1972 ii a|||| |||| 00| 0dben d
020 _c: IRs. 2.00
035 _a(BD-RjUL)76917
040 _aBD-RjUL
_bben/eng
_cBD-RjUL
041 _aben
082 _223
_a759.954092
_bBAG 1972
100 1 _aবন্দ্যোপাধ্যায়, সুভাষণ
_9237395
245 1 0 _aগগনেন্দ্রনাথ ঠাকুর /
_cসুভাষণ বন্দ্যোপাধ্যায় প্রণীত
260 _aকলিকাতা:
_bবাগর্থ,
_c১৯৭২
300 _a৫৭, [১] পৃ. :
_bচিত্র ;
_c২২ সেমি.
490 _aজীবনী ও গ্রন্থপঞ্জী ;
_v
600 _aঠাকুর, গগনেন্দ্রনাথ
_xজীবনী
_9237396
600 _aTagore, Gaganendranath
_xBiography
_9237397
650 _aচিত্রশিল্প
_zভারত
_xজীবনী
_9237398
650 _aPainting
_zIndia
_xBiography
_9237399
830 _aজীবনী ও গ্রন্থপঞ্জী ;
_v
_9237400
942 _2ddc
_cBK
999 _c76693
_d76693